000 00984nam a2200193 a 4500
008 090529s2007 ||||||||||||||||| || u
020 _a9780199238866
050 _aADB(058)ADR/2007
110 _aAfrican Development Bank (ADB)
245 1 0 _aAfrican development report 2007: natural resources for sustainable development in Africa
_cby African Development Bank (ADB)
260 _aNew York
_bAfican Development Bank
_c2007
300 _axxv, 219p. ill
350 _a0.00
650 0 _aAFRICA--ECONOMIC CONDITIONS
650 _aSUSTAINABLE DEVELOPMENT--AFRICA, SOUTHERN--PERIODICALS
650 _aNATURAL RESOURCES--AFRICA, SOUTHERN--MANAGEMENT--PERIODICALS
995 _aSPECIAL COLLECTIONS
_e03004640
_FCBU-MAIN LIBRARY (Kitwe)
_I0.00
_jADB(058)ADR/2007A
_M1
_UAVAILABLE
_WFeb 26, 2013
_y03004640
_ZInternational Publications
995 _aSPECIAL COLLECTIONS
_e03004639
_FCBU-MAIN LIBRARY (Kitwe)
_I0.00
_jADB(058)ADR/2007B
_M2
_UAVAILABLE
_WFeb 26, 2013
_y03004639
_ZInternational Publications
999 _c83786
_d83786